000 00455nam a2200145Ia 4500
008 100122s9999 xx 000 0 und d
082 _b17722
_a823
100 _aमनोहर अनंत
245 _aउदास हळवे सूर
260 _bपंडित अनंत कुलकर्णी
_c1971
300 _a141
630 _aउदास हळवे सूर
730 _aउदास हळवे सूर
942 _cBOOK
999 _c407358
_d407355